000 00715nam a2200241 a 4500
001 000024289
005 20250725140219.0
008 110125s1993 ve r 000 0 spa d
020 _a9806114361
040 _aDO-SdBNP
_bspa
_cBNPHU
082 _a110
_bM855c, 1993
100 1 _aMoriel, Juana
_949852
245 1 0 _aChakras :
_bLa salud al alcance de todos /
_cJuana Moriel y Elia Chávez.
250 _a5a ed.
260 _aCaracas :
_bBienes Laconicas,
_c1993.
300 _a95 p. ;
_c16 cm.
490 1 _aMetafísica
_v400
504 _aIncluye referencias bibliográficas (93-94)
650 4 _aMetafísica
_919469
650 4 _aDios
_91305
650 0 _a Cosmología
_91848
700 1 _aChávez, Elia
_949853
999 _c23782
_d23782